The Effects of Electromagnetic Stirring on Cast Structure of Continuosly Cast SUS 430 Stainless Steel Slabs = Vliv elektromagnetického míchání na strukturu pevné fáze kontinuálně odlité bramy z nerezavějící oceli SUS 430 /

Salvato in:
Dettagli Bibliografici
Altri autori: Tér, Martin (Traduttore)
Natura: Libro
Lingua:multilingua
Pubblicazione: Praha : Martin Tér, 1990
Soggetti:
Tags: Aggiungi Tag
Nessun Tag, puoi essere il primo ad aggiungerne!!

MARC

LEADER 00000nam a22000003a 4500
001 stu35751
005 20150617225731.0
008 920505s1990----cs------------------mul-d
040 |a STU  |b slo 
041 0 |a mul 
044 |a cs 
080 |a 621.746 
100 1 |a Tér, Martin  |4 trl 
245 1 |a The Effects of Electromagnetic Stirring on Cast Structure of Continuosly Cast SUS 430 Stainless Steel Slabs = Vliv elektromagnetického míchání na strukturu pevné fáze kontinuálně odlité bramy z nerezavějící oceli SUS 430 /  |c Z jap. Martin Tér 
260 |a Praha :  |b Martin Tér,  |c 1990 
300 |a 8 s 
500 |a Pram.nezist. 
650 7 |a odlievanie  |2 stusub 
650 7 |a preklady  |2 stusub 
996 |b MP 85  |c M*P-85  |l MMKN  |s A  |a 24  |w stu35751_0001